|
|
|
|
| LEADER |
00000nam a2200000 a 4500 |
| 001 |
vtls001410767 |
| 003 |
SK-MaSNL |
| 005 |
20260302035050.0 |
| 008 |
180126sm y0 xo 0 und |
| 035 |
|
|
|a SNK000365465
|
| 040 |
|
|
|a SNK
|b slo
|c SNK
|e AACR2
|
| 044 |
|
|
|a xo
|c SK
|
| 046 |
|
|
|a s
|m 20000801 (účinná)
|n 20060301 (zrušená)
|
| 245 |
1 |
0 |
|a STN EN 60335-2-56: 2000 [neplatná], Bezpečnosť elektrických spotrebičov pre domácnosť a na podobné účely. Časť 2-56: Osobotné požiadavky na projektory a podobné spotrebiče
|
| 246 |
3 |
0 |
|a Bezpečnosť elektrických spotrebičov pre domácnosť a na podobné účely
|
| 246 |
3 |
0 |
|a Osobotné požiadavky na projektory a podobné spotrebiče
|
| 246 |
3 |
1 |
|a EN 60335-2-56: 1997
|
| 246 |
3 |
1 |
|a IEC 60335-2-56: 1997
|
| 264 |
|
1 |
|a Bratislava
|b Slovenský ústav technickej normalizácie
|c 2000
|
| 300 |
|
|
|a 20 strán
|
| 500 |
|
|
|a [Norma je nahradená normou STN EN 60335-2-56 z januára 2004 v celom rozsahu]
|
| 500 |
|
|
|a [Táto norma nahrádza STN EN 60335-2-56 z júla 1999 v celom rozsahu]
|
| 650 |
0 |
7 |
|a technické normy a štandardy
|2 SNKPH
|9 69944
|
| 650 |
0 |
7 |
|a krajiny európskej únie
|2 snkph
|9 687439
|
| 651 |
|
7 |
|a Slovensko
|2 SNKPHgeo
|
| 655 |
|
7 |
|a normy
|2 SNKPH
|9 70643
|
| 958 |
|
|
|a OP
|
| 999 |
|
|
|c 1069088
|d 1071018
|
| 952 |
|
|
|t P60, <03>, [BOOK], {603}
|a SNK
|b SNK
|y PREZ
|7 0
|p 17A0271461
|o snkSTN EN 60335-2-56
|i snkN 495/2001
|0 0
|1 0
|4 0
|d 2001-04-03
|l 0
|r 2005-01-02 00:00:00
|w 2026-02-24
|
| 952 |
|
|
|t P60, <04>, [BOOK], {604}
|a SNK
|b SNK
|y VYP
|7 0
|p 17A0271460
|o snkSTN EN 60335-2-56 D1
|i snkN 496/2001
|0 0
|1 0
|4 0
|d 2001-04-03
|l 0
|r 2005-01-02 00:00:00
|w 2026-02-24
|